| 000 | 01034 a2200349 4500 | ||
|---|---|---|---|
| 999 |
_c71353 _d6300 |
||
| 001 | 71353 | ||
| 003 | TR-AnTOB | ||
| 005 | 20190526104037.0 | ||
| 008 | 080725s2006 tu tur | ||
| 020 | _a9757250848 | ||
| 035 | _a71353 | ||
| 040 |
_aTR-AnTOB _cTR-AnTOB |
||
| 041 | _atur | ||
| 043 | _atu | ||
| 050 |
_aHD9502 _b.T87 2006 |
||
| 090 | _aHD 9502 .T87 2006 | ||
| 245 | 0 | _aTürkiye' nin yenilenebilir enerji kaynakları (Renewable energy sources in Turkey). | |
| 246 | 3 | _aRenewable energy sources in Turkey. | |
| 264 | 1 |
_aAnkara : _bTürkiye Çevre Vakfı, _c2006. |
|
| 300 |
_a368 s.: _bres.; _c24 cm. |
||
| 336 |
_2rdacontent _atext _btxt |
||
| 337 |
_2rdamedia _aunmediated _bn |
||
| 338 |
_2rdacarrier _avolume _bnc |
||
| 490 | 0 |
_aTürkiye Çevre Vakfı Yayınları ; _v175 |
|
| 650 |
_945782 _aRenewable energy sources _zTurkey |
||
| 650 |
_945783 _aYenilenebilir enerji kaynakları _zTürkiye |
||
| 902 | _a0024637 | ||
| 903 | _aMerkez Kütüphane | ||
| 942 |
_cBK _2lcc |
||
| 945 | _aMC, 25.07.2008 | ||